The Malaysia Book of Records (Record no. 149223)

MARC details
000 -LEADER
fixed length control field 00725nam a2200241 i 4500
001 - CONTROL NUMBER
control field C2-0229653
003 - CONTROL NUMBER IDENTIFIER
control field PPAK
005 - DATE AND TIME OF LATEST TRANSACTION
control field 20180728160332.0
008 - FIXED-LENGTH DATA ELEMENTS--GENERAL INFORMATION
fixed length control field 001010s2000 my a|||| ||||| | eng d
020 ## - INTERNATIONAL STANDARD BOOK NUMBER
International Standard Book Number 9839949616
040 ## - CATALOGING SOURCE
Original cataloging agency PPAK
Language of cataloging eng
Transcribing agency PPAK
Description conventions rda
082 04 - DEWEY DECIMAL CLASSIFICATION NUMBER
Classification number 030.9595
Edition number 23
090 00 - LOCALLY ASSIGNED LC-TYPE CALL NUMBER (OCLC); LOCAL CALL NUMBER (RLIN)
Classification number (OCLC) (R) ; Classification number, CALL (RLIN) (NR) 030.9595
Feature heading MAL
Feature heading R
245 04 - TITLE STATEMENT
Title The Malaysia Book of Records
264 #1 - PRODUCTION, PUBLICATION, DISTRIBUTION, MANUFACTURE, AND COPYRIGHT NOTICE
Place of production, publication, distribution, manufacture Kuala Lumpur :
Name of producer, publisher, distributor, manufacturer R & D Communication Sdn. Bhd. ,
Date of production, publication, distribution, manufacture, or copyright notice 2000
300 ## - PHYSICAL DESCRIPTION
Extent 279 pages :
Other physical details colour illustrations ;
Dimensions 30 cm
336 ## - CONTENT TYPE
Source rdacontent
Content type term text
337 ## - MEDIA TYPE
Source rdamedia
Media type term unmediated
338 ## - CARRIER TYPE
Source rdacarrier
Carrier type term volume
650 10 - SUBJECT ADDED ENTRY--TOPICAL TERM
Topical term or geographic name entry element World records - Malaysia ; Curiosities and wonders - Malaysia
700 1# - ADDED ENTRY--PERSONAL NAME
Personal name Yap, C. K.,
Relator term editor
942 ## - ADDED ENTRY ELEMENTS (KOHA)
-- dc
Koha item type Book
Holdings
Withdrawn Not for loan Current library Shelving location Date acquired Full call number Barcode Date last seen Koha item type Total Checkouts
  Not For Loan Perpustakaan Alor Setar Rujukan Dewasa 28/10/2000 R 030.9595 MAL A00945655 31/05/2018 Book  
  Not For Loan Perpustakaan Bandar Baharu Rujukan Dewasa 28/10/2000 R 030.9595 MAL A00945661 31/05/2018 Book  
  Not For Loan Perpustakaan Jitra Rujukan Dewasa 28/10/2000 R 030.9595 MAL A00945657 31/05/2018 Book  
  Not For Loan Perpustakaan Kulim Rujukan Dewasa 28/10/2000 R 030.9595 MAL A00945658 31/05/2018 Book  
  Not For Loan Perpustakaan Langkawi Rujukan Dewasa 28/10/2000 R 030.9595 MAL A00945660 31/05/2018 Book  
  Not For Loan Perpustakaan Yan Rujukan Dewasa 28/10/2000 R 030.9595 MAL A00945659 31/05/2018 Book  
  Not For Loan PD19, KEDA Bendang Perang, Kota Setar Rujukan Dewasa 04/01/2001 R 030.9595 MAL A00957461 31/05/2018 Book